Ciudad de Cristal / (Registro nro. 30496)
[ vista simple ]
| 000 -LÍDER | |
|---|---|
| campo de control de longitud fija | 01596nam a22002897a 4500 |
| 005 - FECHA Y HORA DE LA ÚLTIMA | |
| campo de control | 20240227163046.0 |
| 008 - ELEMENTOS DE DATOS DE LONGITUD FIJA - INFORMACIÓN GENERAL | |
| campo de control de longitud fija | 240123b |||||||| |||| 00| 0 eng d |
| 020 ## - NÚMERO INTERNACIONAL NORMALIZADO DEL LIBRO | |
| Número de libro estándar internacional | 9789584247186 |
| 037 ## - FUENTE DE ADQUISICIÓN | |
| Materials specified | Donación |
| 040 ## - FUENTE DE CATALOGACIÓN | |
| Agencia de catalogación original | CO-JMCR |
| Agencia de transcripción | CO-JMCR |
| Agencia modificadora | CO-JMCR |
| Convenciones de descripción | rda |
| 041 ## - CÓDIGO DE IDIOMA | |
| Código de idioma del texto/pista de sonido o título independiente | spa |
| 082 ## - NÚMERO DE CLASIFICACIÓN DECIMAL DEWEY | |
| Número de clasificación | J-N |
| Número de artículo | CLAc2 |
| 100 ## - ENTRADA PRINCIPAL - NOMBRE PERSONAL | |
| Nombre personal | Clare, Cassandra |
| Término relativo | Autor |
| 9 (RLIN) | 42629 |
| 245 ## - DECLARACIÓN DEL TÍTULO | |
| Título | Ciudad de Cristal / |
| Declaración de responsabilidad, etc. | Cassandra Clare; traduccion de Gemma Gallart |
| 246 ## - FORMA VARIABLE DEL TÍTULO | |
| Título propiamente dicho/título corto | The mortal instruments: |
| Resto del título | city of glass |
| 260 ## - PUBLICACIÓN, DISTRIBUCIÓN, ETC. | |
| Lugar de publicación, distribución, etc. | Bogoá: |
| Nombre del editor, distribuidor, etc. | destino, |
| Fecha de publicación, distribución, etc. | 2010 |
| 300 ## - DESCRIPCIÓN FÍSICA | |
| Medida | 534 páginas; |
| Dimensiones | 21 cm. |
| 490 ## - DECLARACIÓN DE LA SERIE | |
| Declaración de serie | Cazadores de sombras |
| 500 ## - NOTA GENERAL | |
| Nota general | Incluye índice |
| 520 ## - RESUMEN, ETC. | |
| Resumen, etc | Para salvar la vida de su madre, Clary debe viajar hasta la Ciudad de Cristal, el hogar ancestral de los cazadores de sombras. Por si fuera poco, Jace no quiere que vaya y Simon ha sido encarcelado por los propios Cazadores de Sombras, que no se fían de un vampiro resistente al sol. Mientras, Clary traba amistad con Sebastián, un misterioso cazador de sombras que se alía con ella. Valentine está dispuesto a acabar con todos los cazadores de sombras: la única opción que les queda a éstos es aliarse con sus mortales enemigos pero ¿podrán hombreslobo, vampiros y otras criaturas del submundo dejar a un lado sus diferencias con los cazadores de sombras? A partir de 14 años. |
| 521 ## - NOTA PARA EL PÚBLICO OBJETIVO | |
| Nota de público objetivo | Mayores de 14 años |
| 650 ## - ENTRADA AÑADIDA DE ASUNTO - TÉRMINO TEMÁTICO | |
| Fuente del encabezado o término | JMCR |
| -- | Juvenil |
| Subdivisión general | Literatura |
| 9 (RLIN) | 43491 |
| 650 ## - ENTRADA AÑADIDA DE ASUNTO - TÉRMINO TEMÁTICO | |
| Fuente del encabezado o término | JMCR |
| -- | Cazadores |
| Subdivisión general | Literatura |
| 9 (RLIN) | 43488 |
| 650 ## - ENTRADA AÑADIDA DE ASUNTO - TÉRMINO TEMÁTICO | |
| Fuente del encabezado o término | JMCR |
| -- | Fantasía y magia |
| Subdivisión general | Novela |
| 9 (RLIN) | 43489 |
| 700 ## - ENTRADA AGREGADA - NOMBRE PERSONAL | |
| Nombre personal | Gallart, Gemma |
| Término relativo | traductor |
| 9 (RLIN) | 42449 |
| 942 ## - ELEMENTOS DE ENTRADA AÑADIDOS (KOHA) | |
| Source of classification or shelving scheme | Dewey Decimal Classification |
| Tipo de artículo Koha | Books |
| 999 ## - | |
| -- | 30496 |
| -- | 16879 |
| Estado retirado |
|---|